000 00219nam a2200085Ia 4500
008 120527s9999 xx 000 0 und d
100 _aTARTAGLIA,Loiuse
245 _aVeterinary physiology and applied Anatomy.
942 _cBK
999 _c23642
_d23642